Los ríos profundos

Saved in:
Bibliografiske detaljer
Hovedforfatter: Arguedas, José María (Author)
Format: Bog
Sprog:spansk
Udgivet: Buenos Aires Losada 1958
Serier:Novelistas de España y América
Fag:
Tags: Tilføj Tag
Ingen Tags, Vær først til at tagge denne postø!

MARC

LEADER 00000nam a2200000 a 4500
001 UCR3477
003 CL-VaPUC
005 20241212120255.0
008 980124e19580000AG |||||||||||||||||spa|d
999 |c 266543  |d 266541 
040 |c Pontificia Universidad Católica de Valparaíso 
082 0 4 |a Pe863  |b ARG  |2 21 
100 |a Arguedas, José María  |e author  |9 313849 
245 1 4 |a Los ríos profundos 
260 |a Buenos Aires  |b Losada  |c 1958 
300 |a 249 p 
490 0 |a Novelistas de España y América 
583 |a last modification  |c 19980124 00:00:00  |k Rodrigo Vera 
650 7 |a Novelas Peruanas  |2 CL-VaPUC  |9 402368 
942 |c BK  |2 ddc 
945 |d 19980124 00:00:00  |a aolguin 
952 |0 0  |1 0  |4 0  |6 PE_863_000000000000000_ARG_1958  |7 0  |8 R  |9 298249  |a BIBEDU  |b BIBEDU  |c MCIRC  |d 2019-11-20  |i 1937855  |l 1  |o Pe863 ARG 1958  |p 1937855  |r 2023-04-21  |s 2023-04-17  |w 2019-11-20  |y BK_R  |k LIT